[Event "Polofinale MCR junioru 2024"]
[Site "Hotel Fit Fun, Ryžovište 427, 512 46 Harrachov v Krkonoších"]
[Date "2024.11.11"]
[Round "3"]
[Board "37"]
[White "Dvorák, Jan"]
[Black "Zezula, Matej"]
[Result "0-1"]
[WhiteElo "1873"]
[BlackElo "1767"]
[PlyCount "116"]
[EventDate "2024.11.09"]
[EventRounds "9"]
[EventCountry "CZE"]

1. e4 c5 2. Nf3 d6 3. d4 cxd4 4. Nxd4 Nf6 5. Nc3 g6 6. Be3 Bg7 7. Be2 O-O 8. O-O
Nc6 9. f3 a6 10. Qd2 Nxd4 11. Bxd4 b5 12. Rfd1 Be6 13. Bd3 Rc8 14. Ne2 Bc4 15. a4
bxa4 16. Rxa4 Bxd3 17. Qxd3 a5 18. Rda1 Qc7 19. Nc3 Ra8 20. Nb5 Qd8 21. b4 Nd7 22.
Bxg7 Kxg7 23. Qd4+ Kg8 24. Rxa5 Rc8 25. c3 Ne5 26. Ra6 Qd7 27. Na3 Rc7 28. f4 Nc6
29. Qd3 Nb8 30. Ra5 Rfc8 31. Nb5 Rb7 32. c4 Nc6 33. R5a4 Qe6 34. Qd5 Qxd5 35. exd5
Nb8 36. Na3 Nd7 37. Rc1 Nb6 38. Ra5 Rbc7 39. Re1 Kf8 40. g3 Ke8 41. Nb5 Rd7 42. c5
dxc5 43. d6 cxb4 44. Nc7+ Kf8 45. dxe7+ Rxe7 46. Rxe7 Kxe7 47. Na6 b3 48. Nc5 b2
49. Rb5 Rxc5 50. Rxb2 Nd5 51. Kg2 Kf6 52. Kf3 Kg7 53. Ke4 Nf6+ 54. Ke3 Rd5 55. Rc2
Rd1 56. Re2 Rf1 57. Rd2 Ng4+ 58. Ke4 Rf2  0-1

[Event "Polofinale MCR junioru 2024"]
[Site "Hotel Fit Fun, Ryžovište 427, 512 46 Harrachov v Krkonoších"]
[Date "2024.11.11"]
[Round "3"]
[Board "38"]
[White "Urbanský, Štepán"]
[Black "Adámek, Jan"]
[Result "1/2-1/2"]
[WhiteElo "1859"]
[BlackElo "1735"]
[PlyCount "78"]
[EventDate "2024.11.09"]
[EventRounds "9"]
[EventCountry "CZE"]

1. e4 c6 2. d4 d5 3. e5 Bf5 4. h4 h5 5. Bd3 Bxd3 6. Qxd3 Qa5+ 7. Nd2 e6 8. Ngf3 Nh6
9. O-O Nf5 10. Nb3 Qa6 11. Qd1 Be7 12. g3 Nd7 13. Bg5 Bxg5 14. Nxg5 O-O 15. Qxh5
Nh6 16. Rfe1 Qc4 17. c3 Qd3 18. Re3 Qc2 19. Re2 Qf5 20. Qf3 Qg6 21. g4 Rae8 22. Rae1
f6 23. exf6 Rxf6 24. Qg3 Nf8 25. f3 Nh7 26. Nxh7 Kxh7 27. Nc5 Qf7 28. Rf2 Rf8 29.
Kg2 Nxg4 30. Rff1 Ne3+ 31. Rxe3 Rg6 32. Nxe6 Rxg3+ 33. Kxg3 Qg6+ 34. Ng5+ Kg8 35.
Rfe1 Qc2 36. R1e2 Qb1 37. a3 Qg1+ 38. Kh3 Qh1+ 39. Kg4 g6  1/2-1/2

[Event "Polofinale MCR junioru 2024"]
[Site "Hotel Fit Fun, Ryžovište 427, 512 46 Harrachov v Krkonoších"]
[Date "2024.11.11"]
[Round "3"]
[Board "39"]
[White "Vokoun, Michal"]
[Black "Zeman, Vojtech"]
[Result "1-0"]
[WhiteElo "1688"]
[BlackElo "1848"]
[PlyCount "51"]
[EventDate "2024.11.09"]
[EventRounds "9"]
[EventCountry "CZE"]

1. e4 c5 2. Nf3 Nc6 3. Bb5 g6 4. O-O Bg7 5. Re1 Nd4 6. Nxd4 cxd4 7. c3 a6 8. Qa4
Rb8 9. Bf1 b5 10. Qb3 d6 11. a4 Be6 12. Qb4 Qb6 13. axb5 axb5 14. Ra5 Bd7 15. Na3
dxc3 16. Bxb5 cxb2 17. Bxb2 Kf8 18. Bxg7+ Kxg7 19. Qc3+ Nf6 20. Bxd7 Qxa5 21. Qxa5
Nxd7 22. h3 Rhc8 23. Qa7 Nc5 24. Qxe7 Nd3 25. Rf1 Ra8 26. Nb5  1-0

[Event "Polofinale MCR junioru 2024"]
[Site "Hotel Fit Fun, Ryžovište 427, 512 46 Harrachov v Krkonoších"]
[Date "2024.11.11"]
[Round "3"]
[Board "40"]
[White "Hampl, David"]
[Black "Lána, Vincent"]
[Result "1/2-1/2"]
[WhiteElo "1830"]
[BlackElo "1696"]
[PlyCount "144"]
[EventDate "2024.11.09"]
[EventRounds "9"]
[EventCountry "CZE"]

1. d4 d5 2. Bf4 Nf6 3. e3 e6 4. Bd3 c5 5. c3 Nc6 6. Nf3 Bd6 7. Bg3 Bxg3 8. hxg3 Qd6
9. Nbd2 cxd4 10. exd4 Bd7 11. Qe2 Rc8 12. Ne5 Qe7 13. Ndf3 Nxe5 14. Nxe5 Bc6 15.
O-O-O h6 16. Kb1 Nd7 17. Rde1 Nxe5 18. Qxe5 Qf6 19. Qxf6 gxf6 20. Rh5 Kf8 21. Kc2
Kg7 22. Kd2 Rhe8 23. Rh4 Rg8 24. Re3 Rh8 25. Rf3 f5 26. g4 fxg4 27. Rxg4+ Kf8 28.
Rgf4 Rc7 29. Rf6 Kg7 30. R6f4 Rg8 31. Rh3 Rh8 32. Rg4+ Kf8 33. Rgh4 Kg7 34. Rh5 Rcc8
35. Rg3+ Kf8 36. f4 Bd7 37. Rgh3 Kg7 38. f5 exf5 39. Bxf5 Rcd8 40. Rg3+ Kf8 41. Ke3
Bxf5 42. Rxf5 Rg8 43. Rgf3 Rd7 44. Kf2 Rg6 45. Re5 Kg7 46. Rff5 Rf6 47. Kf3 Rxf5+
48. Rxf5 Kg6 49. g4 Rd6 50. Kf4 Rf6 51. Rxf6+ Kxf6 52. a4 b6 53. b3 a5 54. c4 Ke6
55. cxd5+ Kxd5 56. Ke3 Kd6 57. Ke4 Ke6 58. Kf4 Kd5 59. Ke3 Kd6 60. Ke4 Ke6 61. d5+
Kd6 62. Kd4 f6 63. Ke4 Kc5 64. Kf5 Kxd5 65. Kg6 Ke5 66. Kxh6 f5 67. g5 f4 68. g6
f3 69. g7 f2 70. g8=Q f1=Q 71. Qb8+ Ke4 72. Qb7+ Ke5  1/2-1/2

[Event "Polofinale MCR junioru 2024"]
[Site "Hotel Fit Fun, Ryžovište 427, 512 46 Harrachov v Krkonoších"]
[Date "2024.11.11"]
[Round "3"]
[Board "41"]
[White "Švadlenka, Michal"]
[Black "Hajícek, Matyáš"]
[Result "1-0"]
[WhiteElo "1804"]
[BlackElo "1673"]
[PlyCount "61"]
[EventDate "2024.11.09"]
[EventRounds "9"]
[EventCountry "CZE"]

1. e4 c5 2. Nf3 Nc6 3. d4 cxd4 4. Nxd4 Nf6 5. Nc3 g6 6. Be3 Bg7 7. Bc4 O-O 8. Bb3
d6 9. f3 Bd7 10. Qd2 Rc8 11. O-O-O Ne5 12. Bh6 Nc4 13. Bxc4 Rxc4 14. Bxg7 Kxg7 15.
g4 Qa5 16. Nb3 Qc7 17. h4 Rg8 18. h5 Kf8 19. hxg6 hxg6 20. e5 Ne8 21. Nd5 Qd8 22.
exd6 Nxd6 23. Nf6 exf6 24. Qxd6+ Kg7 25. Qxd7 Qb6 26. Qd2 g5 27. Qd3 Rgc8 28. Rh7+
Kg8 29. Rh2 Kf8 30. Rh8+ Ke7 31. Qd7#  1-0

[Event "Polofinale MCR junioru 2024"]
[Site "Hotel Fit Fun, Ryžovište 427, 512 46 Harrachov v Krkonoších"]
[Date "2024.11.11"]
[Round "3"]
[Board "42"]
[White "Stejskal, Jakub"]
[Black "Fousek, Petr"]
[Result "1-0"]
[WhiteElo "1672"]
[BlackElo "1800"]
[PlyCount "89"]
[EventDate "2024.11.09"]
[EventRounds "9"]
[EventCountry "CZE"]

1. Nf3 Nf6 2. c4 c5 3. Nc3 g6 4. g3 Bg7 5. Bg2 O-O 6. O-O d6 7. d4 cxd4 8. Nxd4 Qb6
9. Ndb5 a6 10. Be3 Qd8 11. Na7 Qc7 12. Nxc8 Rxc8 13. Rc1 Nbd7 14. h3 Re8 15. Qd2
Rac8 16. b3 h5 17. Rfd1 Qb8 18. f4 b5 19. cxb5 axb5 20. b4 Nb6 21. Bxb6 Qxb6+ 22.
Kh2 Rc4 23. a3 Rec8 24. Kh1 Kh7 25. e3 e6 26. Kg1 d5 27. Ne2 Qa6 28. Nd4 Nd7 29.
Bf1 Rxc1 30. Rxc1 Bxd4 31. exd4 Nb6 32. Rxc8 Nxc8 33. Qc3 Nd6 34. Kh2 Nc4 35. Bxc4
dxc4 36. h4 Qc6 37. Kg1 Qe4 38. Kf2 Qb1 39. Ke2 Qg1 40. Kd2 Qf2+ 41. Kc1 Qa2 42.
Qb2 Qxb2+ 43. Kxb2 f6 44. a4 g5 45. axb5  1-0

[Event "Polofinale MCR junioru 2024"]
[Site "Hotel Fit Fun, Ryžovište 427, 512 46 Harrachov v Krkonoších"]
[Date "2024.11.12"]
[Round "4"]
[Board "1"]
[White "Vojta, Jakub"]
[Black "Ocelák, Jakub"]
[Result "1/2-1/2"]
[WhiteElo "2264"]
[BlackElo "2205"]
[PlyCount "0"]
[EventDate "2024.11.09"]
[EventRounds "9"]
[EventCountry "CZE"]

1. Nf3 c5 2. e4 g6 3. c4 Nc6 4. d4 cxd4 5. Nxd4 Nf6 6. Nc3 d6 7. Be2 Nxd4 8. Qxd4
Bg7 9. Be3 O-O 10. Qd2 a5 11. O-O a4 12. Rac1 Qa5 13. f3 Be6 14. Rfd1 Rfc8 15. Nb5
 1/2-1/2

[Event "Polofinale MCR junioru 2024"]
[Site "Hotel Fit Fun, Ryžovište 427, 512 46 Harrachov v Krkonoších"]
[Date "2024.11.12"]
[Round "4"]
[Board "2"]
[White "Lang, Šimon"]
[Black "Winter, Ondrej"]
[Result "1-0"]
[WhiteElo "2114"]
[BlackElo "2230"]
[PlyCount "0"]
[EventDate "2024.11.09"]
[EventRounds "9"]
[EventCountry "CZE"]

1. e4 c5 2. Nf3 d6 3. d4 cxd4 4. Nxd4 Nf6 5. Nc3 Nc6 6. Bg5 e6 7. Qd2 a6 8. O-O-O
Bd7 9. f3 Be7 10. Nxc6 Bxc6 11. Kb1 Rc8 12. h4 b5 13. Ne2 Bb7 14. Nd4 h6 15. Be3
Nd7 16. g4 Ne5 17. Qg2 Qc7 18. g5 hxg5 19. hxg5 Rxh1 20. Qxh1 Nc4 21. Bxc4 Qxc4 22.
b3 Qc7 23. Rd2 g6 24. Qh8+ Bf8 25. Ne2 a5 26. Qh2 a4 27. Qf2 a3 28. Bd4 Be7 29. Qh4
e5 30. Qh8+ Bf8 31. Be3 b4 32. Qh1 Ba6 33. Qe1 Bg7 34. Qd1 Ke7 35. Rd5 Rh8 36. Ng3
Rh3 37. Qg1 Rh8 38. Qd1 Rh2 39. Bd2 Qb8 40. Qe1 Bf8 41. Bxb4 Ke6 42. Bxa3 Qb6 43.
Kb2 Bb7 44. Rd2 Rxd2 45. Qxd2 Qg1 46. Ne2 Qf1 47. Qd3 Kd7 48. Bb4 Qg2 49. Qe3 Be7
50. Nc3 Qxg5 51. Qa7 Kc8 52. Nb5 d5 53. Qb6  1-0

[Event "Polofinale MCR junioru 2024"]
[Site "Hotel Fit Fun, Ryžovište 427, 512 46 Harrachov v Krkonoších"]
[Date "2024.11.12"]
[Round "4"]
[Board "3"]
[White "Bokhnak, Timofey"]
[Black "Šetina, Václav"]
[Result "1/2-1/2"]
[WhiteElo "2274"]
[BlackElo "2128"]
[PlyCount "0"]
[EventDate "2024.11.09"]
[EventRounds "9"]
[EventCountry "CZE"]

1. e4 c5 2. Nf3 Nc6 3. Bb5 g6 4. Bxc6 dxc6 5. d3 Bg7 6. h3 b6 7. O-O Qc7 8. Nc3 e5
9. Be3 Ne7 10. Qd2 O-O 11. Bh6 f6 12. Nh2 Be6 13. b3 Rae8 14. Bxg7 Kxg7 15. f4 exf4
16. Rxf4 f5 17. Raf1 fxe4 18. Rxf8 Rxf8 19. Rxf8 Kxf8 20. Nxe4 Nf5 21. Nf3 Bd5 22.
Qg5 Qe7 23. Qf4 Kg7 24. c3 c4 25. bxc4 Bxe4 26. dxe4 Nd6 27. e5 Nf7 28. Qd4 Qe6 29.
a3 Kf8 30. a4 c5 31. Qd5 Ke7 32. Kf2 h6 33. Ke3 Nd8 34. g4 g5 35. Qe4 Nc6 36. Qh7+
Kd8 37. Qe4 Ke7 38. Qh7+ Kd8 39. Qh8+ Kd7 40. Qa8 Ke7 41. Qh8 Kd7 42. Qg7+ Kd8 43.
Qf6+ Kd7 44. Qxe6+ Kxe6 45. Ke4 a6 46. h4 gxh4 47. g5 hxg5 48. Nxg5+ Ke7 49. Nh3
Kd7 50. Nf4 Ne7 51. Kf3 Nc6 52. Ke4 Ne7 53. Nh3 Nc6 54. Ng5 Ke7 55. Kd5 Nd8 56. e6
a5 57. Ke5 Nc6+ 58. Kf5 Nd8 59. Ke5 Nc6+ 60. Kd5 Nd8 61. Nh3 Nxe6 62. Kc6 Nf8 63.
Kxb6 Kd6 64. Kb5 Nd7 65. Ng5 Kc7 66. Ne6+ Kd6 67. Nf4  1/2-1/2

[Event "Polofinale MCR junioru 2024"]
[Site "Hotel Fit Fun, Ryžovište 427, 512 46 Harrachov v Krkonoších"]
[Date "2024.11.12"]
[Round "4"]
[Board "4"]
[White "Jirásko, Miroslav"]
[Black "Bohácek, Jan Andrej"]
[Result "0-1"]
[WhiteElo "2215"]
[BlackElo "2118"]
[PlyCount "0"]
[EventDate "2024.11.09"]
[EventRounds "9"]
[EventCountry "CZE"]

1. e4 c6 2. d4 d5 3. e5 c5 4. Nf3 cxd4 5. Nxd4 Nc6 6. Nxc6 bxc6 7. Bd3 e6 8. O-O
Ne7 9. Nd2 Ng6 10. Nf3 Be7 11. g3 a5 12. Qe2 O-O 13. h4 f5 14. exf6 Bxf6 15. h5 Nh8
16. c4 Nf7 17. Bf4 e5 18. Nxe5 Bxe5 19. Bxe5 Re8 20. f4 Nxe5 21. fxe5 Qg5 22. Qf3
Be6 23. Rae1 Rf8 24. Qe3 Rxf1+ 25. Bxf1 Qxh5 26. Bg2 Qf7 27. cxd5 cxd5 28. Qc5 Qd7
29. Rd1 Rd8 30. Rd4 a4 31. Qa5 h6 32. Qxa4 Qc7 33. Rd2 Qxe5 34. Qf4 Qe1+ 35. Kh2
Rf8 36. Qd4 Rf5 37. g4 Rg5 38. Bh3 h5 39. Qf4 Rg6 40. g5 Bxh3 41. Kxh3 Re6 42. Qf2
Qh1+ 43. Kg3 Re4 44. Qf3 h4+ 45. Kf2 Qe1+  0-1

[Event "Polofinale MCR junioru 2024"]
[Site "Hotel Fit Fun, Ryžovište 427, 512 46 Harrachov v Krkonoších"]
[Date "2024.11.12"]
[Round "4"]
[Board "5"]
[White "Stocek, Martin"]
[Black "Bezdek, Tomáš"]
[Result "1/2-1/2"]
[WhiteElo "2082"]
[BlackElo "2215"]
[PlyCount "0"]
[EventDate "2024.11.09"]
[EventRounds "9"]
[EventCountry "CZE"]

1. d4 e6 2. c4 Nf6 3. Nf3 b6 4. a3 Bb7 5. Nc3 d5 6. cxd5 exd5 7. g3 a6 8. Bg2 Bd6
9. Bg5 Nbd7 10. Nh4 h6 11. Bxf6 Nxf6 12. Nf5 O-O 13. O-O Re8 14. Qb3 Bf8 15. Rfd1
c6 16. Rac1 Bc8 17. Ne3 Bd7 18. Nc2 b5 19. Nb4 a5 20. Nd3 Bd6 21. e3 Bf5 22. Nb1
Qb6 23. Qc3 Rec8 24. Nd2 b4 25. axb4 axb4 26. Qb3 Nd7 27. Ra1 Ra5 28. Rxa5 Qxa5 29.
Rc1 Qa6 30. Bf1 Qb7 31. Bg2 Qa6 32. Bf1  1/2-1/2

[Event "Polofinale MCR junioru 2024"]
[Site "Hotel Fit Fun, Ryžovište 427, 512 46 Harrachov v Krkonoších"]
[Date "2024.11.12"]
[Round "4"]
[Board "6"]
[White "Soucek, Jan"]
[Black "Mach, Petr"]
[Result "1-0"]
[WhiteElo "2188"]
[BlackElo "2080"]
[PlyCount "0"]
[EventDate "2024.11.09"]
[EventRounds "9"]
[EventCountry "CZE"]

1. d4 d5 2. c4 c6 3. Nc3 dxc4 4. e3 Be6 5. a4 Qa5 6. Bd2 Na6 7. Nf3 Nf6 8. Ne5 Qb4
9. Qc1 Qa5 10. Bxc4 Bxc4 11. Nxc4 Qd8 12. O-O e6 13. Qd1 Be7 14. Qb3 Qc8 15. e4 O-O
16. Bf4 Rd8 17. Rad1 b6 18. Rfe1 Qb7 19. h3 Rac8 20. Be5 Rd7 21. Bxf6 Bxf6 22. e5
Be7 23. Ne4 Rcd8 24. Ncd6 Qc7 25. Rc1 Bf8 26. Qc4 Nb8 27. Re3 Kh8 28. Rf3 h6 29.
g4 a6 30. Qd3 Kg8 31. g5 h5 32. Rg3 Bxd6 33. Nf6+ gxf6 34. gxf6+ Kf8 35. Qh7 Ke8
36. Rg8+ Bf8 37. Rxf8+ Kxf8 38. Qh8#  1-0

[Event "Polofinale MCR junioru 2024"]
[Site "Hotel Fit Fun, Ryžovište 427, 512 46 Harrachov v Krkonoších"]
[Date "2024.11.12"]
[Round "4"]
[Board "7"]
[White "Vyšínský, Otakar"]
[Black "Jun, Rudolf"]
[Result "0-1"]
[WhiteElo "1994"]
[BlackElo "2186"]
[PlyCount "0"]
[EventDate "2024.11.09"]
[EventRounds "9"]
[EventCountry "CZE"]

1. e4 c5 2. Nc3 Nc6 3. g3 g6 4. Bg2 Bg7 5. d3 d6 6. f4 e6 7. Nf3 Nge7 8. O-O O-O
9. Be3 a6 10. Qd2 Qc7 11. a4 b6 12. Bf2 Bb7 13. Nd1 Rac8 14. c3 Rfe8 15. Ne3 Na5
16. Rae1 b5 17. axb5 axb5 18. g4 f5 19. gxf5 exf5 20. exf5 Nxf5 21. Nxf5 gxf5 22.
Qd1 h6 23. Nh4 Bxg2 24. Kxg2 Qf7 25. Qf3 b4 26. Qh3 Rxe1 27. Bxe1 Rf8 28. Rf3 Nc6
29. Rf2 Qh5 30. Qf3 Qg4+ 31. Qxg4 fxg4 32. Kg3 h5 33. Re2 Bf6 34. Re6 Ne7 35. cxb4
Kf7 36. Re2 Re8 37. Kg2 Bxh4 38. Bxh4 Nf5 39. Rxe8 Nxh4+ 40. Kf2 Kxe8  0-1

[Event "Polofinale MCR junioru 2024"]
[Site "Hotel Fit Fun, Ryžovište 427, 512 46 Harrachov v Krkonoších"]
[Date "2024.11.12"]
[Round "4"]
[Board "8"]
[White "Andrle, Filip"]
[Black "Zezula, Jakub"]
[Result "0-1"]
[WhiteElo "1958"]
[BlackElo "2163"]
[PlyCount "0"]
[EventDate "2024.11.09"]
[EventRounds "9"]
[EventCountry "CZE"]

1. e4 e5 2. Nf3 Nc6 3. Bc4 Bc5 4. c3 Nf6 5. d3 d6 6. Nbd2 a6 7. O-O Ba7 8. a4 h6
9. b4 O-O 10. h3 Re8 11. Qb3 Be6 12. Bxe6 Rxe6 13. c4 Nh5 14. Re1 Rf6 15. Nf1 Rxf3
16. gxf3 Qh4 17. Ra2 Qxh3 18. Nh2 Qg3+ 19. Kh1 Bxf2 20. Rf1 Bd4 21. Bd2 Qh3 22. Be1
Nf4 23. Bc3 Nh5 24. Be1 Be3 25. Rg2 Bf4 26. Kg1 Be3+ 27. Kh1 Nd4 28. Qd1 Re8 29.
Rg4 Bf4 30. Rf2 Ng3+ 31. Kg1 Be3  0-1

[Event "Polofinale MCR junioru 2024"]
[Site "Hotel Fit Fun, Ryžovište 427, 512 46 Harrachov v Krkonoších"]
[Date "2024.11.12"]
[Round "4"]
[Board "9"]
[White "Paseka, Matyáš"]
[Black "Švadlenka, Dominik"]
[Result "1/2-1/2"]
[WhiteElo "2254"]
[BlackElo "1893"]
[PlyCount "0"]
[EventDate "2024.11.09"]
[EventRounds "9"]
[EventCountry "CZE"]

1. e4 c6 2. d4 d5 3. Nc3 dxe4 4. Nxe4 Bf5 5. Ng3 Bg6 6. h4 h6 7. Nf3 Nd7 8. h5 Bh7
9. Bd3 Bxd3 10. Qxd3 e6 11. Bd2 Ngf6 12. O-O-O Bd6 13. Ne4 Nxe4 14. Qxe4 Nf6 15.
Qe2 Qc7 16. Ne5 O-O-O 17. g3 c5 18. Nc4 cxd4 19. Nxd6+ Qxd6 20. Bf4 Qd5 21. Qe5 Qxe5
22. Bxe5 Rd5 23. Bxd4 b6 24. Bxf6 Rxd1+ 25. Kxd1 gxf6 26. Rh4 Rg8 27. Rc4+ Kb7 28.
Rd4 Kc7 29. Rc4+  1/2-1/2

[Event "Polofinale MCR junioru 2024"]
[Site "Hotel Fit Fun, Ryžovište 427, 512 46 Harrachov v Krkonoších"]
[Date "2024.11.12"]
[Round "4"]
[Board "10"]
[White "Mametev, Artem"]
[Black "Svacina, Tobiáš"]
[Result "0-1"]
[WhiteElo "2213"]
[BlackElo "2030"]
[PlyCount "0"]
[EventDate "2024.11.09"]
[EventRounds "9"]
[EventCountry "CZE"]

1. e4 e5 2. Nf3 Nc6 3. Bb5 a6 4. Ba4 Nf6 5. O-O Be7 6. Re1 b5 7. Bb3 d6 8. c3 Na5
9. Bc2 c5 10. d4 Qc7 11. h3 Bd7 12. Nbd2 cxd4 13. cxd4 Rc8 14. Bd3 O-O 15. Qe2 Rfe8
16. b3 Nh5 17. Nf1 exd4 18. g4 Nf6 19. Bf4 Qa7 20. Ng3 d5 21. e5 Bb4 22. Bd2 Bc3
23. Qd1 Ne4 24. Nxe4 dxe4 25. Bxc3 dxc3 26. Bxe4 Bc6 27. Qd3 Bxe4 28. Rxe4 Nb7 29.
b4 a5 30. Qxb5 c2 31. Rc4 axb4 32. Rxc2 Nc5 33. Rac1 Ne4 34. Rf1 Ng3 35. Rxc8 Rxc8
36. Re1 Qa8 37. Re3 Qxa2 38. fxg3 Qa7 39. Qd3 h6 40. Kg2 Qa1 41. Re2 Rc3 42. Qd5
Qa6 43. Qd2 b3 44. g5 Rc2 45. Qd8+ Kh7 46. Qd3+ Qxd3  0-1

[Event "Polofinale MCR junioru 2024"]
[Site "Hotel Fit Fun, Ryžovište 427, 512 46 Harrachov v Krkonoších"]
[Date "2024.11.12"]
[Round "4"]
[Board "11"]
[White "Václavík, Jan"]
[Black "Steinbauer, Sebastián"]
[Result "1/2-1/2"]
[WhiteElo "2139"]
[BlackElo "1951"]
[PlyCount "0"]
[EventDate "2024.11.09"]
[EventRounds "9"]
[EventCountry "CZE"]

1. c4 b6 2. Nf3 c5 3. g3 Bb7 4. Bg2 Nf6 5. O-O g6 6. Nc3 Bg7 7. d4 cxd4 8. Qxd4 Nc6
9. Qf4 O-O 10. Rd1 Rc8 11. Rb1 d6 12. b3 Qd7 13. Qh4 Qg4 14. Bb2 Qxh4 15. Nxh4 Na5
16. Bh3 Rcd8 17. f3 Bc8 18. Bf1 Bb7 19. Kf2 Rd7 20. Ng2 d5 21. cxd5 Nxd5 22. Nxd5
Rxd5 23. Bxg7 Kxg7 24. Ne3 Rdd8 25. Ke1 e6 26. Rbc1 Nc6 27. Nc4 Rxd1+ 28. Rxd1 Rd8
29. Rxd8 Nxd8 30. Nd6 Kf6 31. Kd2 Ke7 32. Nxb7 Nxb7 33. Kc3 Nd6 34. e4 e5 35. Ba6
f5 36. Bd3 Kf6 37. Kd2 h5 38. Ke3  1/2-1/2

[Event "Polofinale MCR junioru 2024"]
[Site "Hotel Fit Fun, Ryžovište 427, 512 46 Harrachov v Krkonoších"]
[Date "2024.11.12"]
[Round "4"]
[Board "12"]
[White "Davídek, Zdenek"]
[Black "Tesar, Jakub"]
[Result "1-0"]
[WhiteElo "2048"]
[BlackElo "2097"]
[PlyCount "0"]
[EventDate "2024.11.09"]
[EventRounds "9"]
[EventCountry "CZE"]

1. d4 d5 2. Nf3 Nf6 3. c4 c6 4. Nc3 e6 5. e3 Nbd7 6. Qc2 Be7 7. b3 O-O 8. Bb2 b6
9. Bd3 Bb7 10. O-O c5 11. cxd5 exd5 12. Bf5 g6 13. Bh3 Ne4 14. dxc5 Ndxc5 15. Rfd1
f5 16. g3 Nxc3 17. Bxc3 Ne4 18. Bb2 Rc8 19. Qd3 Bb4 20. Rac1 Rxc1 21. Rxc1 Be7 22.
Bg2 Bf6 23. Bxf6 Qxf6 24. Qd4 Qxd4 25. Nxd4 Rc8 26. Rd1 Kf7 27. Nb5 Ke6 28. Bxe4
dxe4 29. Nxa7 Ra8 30. Nb5 Rxa2 31. Rd6+ Ke5 32. Rxb6 Ba6 33. Kg2 Ra5 34. Nc7 Bc8
35. Nb5 Ba6 36. Nd4 Kd5 37. Ne6 Bc8 38. Nf4+ Ke5 39. b4 Ra8 40. h4 Bd7 41. Nh3 Be8
42. Ng5 h6 43. Ne6 Bf7 44. Nf4 g5 45. Ne2 gxh4 46. gxh4 Rg8+ 47. Kh2 Kd5 48. Rf6
Be8 49. Rxf5+ Kc4 50. Rf4 Bg6 51. Ng3 Kxb4 52. Nxe4 Kb5 53. Rg4 Kc6 54. Nf6 Rg7 55.
h5  1-0

[Event "Polofinale MCR junioru 2024"]
[Site "Hotel Fit Fun, Ryžovište 427, 512 46 Harrachov v Krkonoších"]
[Date "2024.11.12"]
[Round "4"]
[Board "13"]
[White "Vilímek, Vít"]
[Black "Beneš, Jáchym"]
[Result "1-0"]
[WhiteElo "2076"]
[BlackElo "1916"]
[PlyCount "0"]
[EventDate "2024.11.09"]
[EventRounds "9"]
[EventCountry "CZE"]

1. e4 e6 2. Nf3 d5 3. e5 c5 4. b4 cxb4 5. d4 Nc6 6. a3 Bd7 7. axb4 Bxb4+ 8. c3 Be7
9. Bd3 a6 10. O-O b5 11. Nbd2 Na5 12. h3 Rc8 13. Nb1 Qb6 14. Ng5 b4 15. cxb4 Qxb4
16. Bxa6 Rxc1 17. Qxc1 Nb3 18. Qf4 f6 19. Bb5 Bxb5 20. Ra8+ Kd7 21. Ra7+ Kc6 22.
exf6 Bd6 23. Qxd6+ Qxd6 24. fxg7 Kb6 25. gxh8=Q Kxa7 26. Qxg8 Bxf1 27. Kxf1  1-0

[Event "Polofinale MCR junioru 2024"]
[Site "Hotel Fit Fun, Ryžovište 427, 512 46 Harrachov v Krkonoších"]
[Date "2024.11.12"]
[Round "4"]
[Board "14"]
[White "Síleš, Jan"]
[Black "Martinkovic, Adam"]
[Result "1/2-1/2"]
[WhiteElo "2062"]
[BlackElo "1859"]
[PlyCount "0"]
[EventDate "2024.11.09"]
[EventRounds "9"]
[EventCountry "CZE"]

1. d4 d5 2. c4 c6 3. Nf3 Nf6 4. e3 e6 5. Nbd2 Be7 6. Bd3 Nbd7 7. O-O O-O 8. b3 b6
9. Bb2 Bb7 10. e4 dxe4 11. Nxe4 Nxe4 12. Bxe4 Nf6 13. Bc2 c5 14. Qe2 Qc7 15. Rfe1
Rfe8 16. Qd3 cxd4 17. Nxd4 Rad8 18. Qh3 h6 19. Nb5 Qf4 20. Bc1 Qg4 21. Qxg4 Nxg4
22. h3 Bf6 23. Rb1 Ne5 24. Bf4 Nd3 25. Bxd3 Rxd3 26. a4 a6 27. Nd6 Re7 28. Nxb7 Rxb7
29. Red1 Rbd7 30. Rxd3 Rxd3 31. Kf1 Rd7 32. Ke2 Be7 33. Be3 Rb7 34. b4 Kf8 35. Kd3
Ke8 36. b5 axb5 37. axb5 Kd7 38. Ra1 Kc7 39. Ra6 Bd8 40. c5 bxc5 41. Kc4 Kd7 42.
Bxc5 h5 43. Rd6+ Kc8 44. b6 Be7 45. Rc6+ Kb8 46. Kb5 Bxc5 47. Rxc5 Rd7 48. Rc2 Kb7
49. Rc5  1/2-1/2

[Event "Polofinale MCR junioru 2024"]
[Site "Hotel Fit Fun, Ryžovište 427, 512 46 Harrachov v Krkonoších"]
[Date "2024.11.12"]
[Round "4"]
[Board "15"]
[White "Nagyová, Daniela"]
[Black "Pecka, Jan"]
[Result "1/2-1/2"]
[WhiteElo "1903"]
[BlackElo "2059"]
[PlyCount "0"]
[EventDate "2024.11.09"]
[EventRounds "9"]
[EventCountry "CZE"]

1. e4 c5 2. Nf3 Nc6 3. Nc3 g6 4. d4 cxd4 5. Nxd4 Bg7 6. Be3 Nf6 7. Bc4 Qa5 8. O-O
O-O 9. h3 a6 10. Bb3 Qc7 11. f4 d6 12. Qd2 Na5 13. f5 Nc4 14. Qc1 Nxe3 15. Qxe3 Nd7
16. Nd5 Qd8 17. c3 Ne5 18. Qg5 Bf6 19. Qg3 Kg7 20. Rad1 Bd7 21. fxg6 hxg6 22. Nf5+
Bxf5 23. exf5 g5 24. Rf4 Rh8 25. Re4 Rc8 26. h4 g4 27. Nxf6 Qb6+ 28. Kh1 Kxf6 29.
Rde1 Qc5 30. Rd1 Rh5 31. Rd5 Qc7 32. Qf2 Rch8 33. g3 Rxf5 34. Rf4 Rhh5 35. Bc2 e6
36. Rxf5+ Rxf5 37. Bxf5 exf5 38. Qf4 Qc6 39. Qh6+ Ke7 40. c4 Nxc4 41. Qg5+ Kf8  1/2-1/2

[Event "Polofinale MCR junioru 2024"]
[Site "Hotel Fit Fun, Ryžovište 427, 512 46 Harrachov v Krkonoších"]
[Date "2024.11.12"]
[Round "4"]
[Board "16"]
[White "Vyslyšel, Petr"]
[Black "Cerný, Michal"]
[Result "1/2-1/2"]
[WhiteElo "1875"]
[BlackElo "2052"]
[PlyCount "0"]
[EventDate "2024.11.09"]
[EventRounds "9"]
[EventCountry "CZE"]

1. d4 d5 2. c4 c6 3. Nc3 Nf6 4. Nf3 e6 5. e3 Be7 6. Qc2 O-O 7. Bd3 Nbd7 8. Bd2 b6
9. cxd5 cxd5 10. Ne5 Bb7 11. O-O g6 12. f4 Ne8 13. Rf3 f5 14. Rg3 Nxe5 15. dxe5 Nc7
16. Ne2 Qd7 17. b4 Ba6 18. Nd4 Bxd3 19. Qxd3 Rfc8 20. Rf3 Qa4 21. Qb3 Qxb3 22. axb3
Kf7 23. Rff1 a6 24. Rfc1 Nb5 25. Rxc8 Rxc8 26. Rxa6 Nxd4 27. exd4 Rc2 28. Be1 Re2
29. Kf1 Re4 30. Bf2 Bxb4 31. Rxb6 Bc3 32. Rb7+ Kf8 33. g3 Bxd4 34. b4 h6 35. Bxd4
Rxd4 36. b5 Rd2 37. h4 Rb2 38. Rb8+ Kg7 39. b6 d4 40. b7 d3 41. Ke1 d2+ 42. Ke2 Kh7
43. h5 g5 44. Kd1 gxf4 45. gxf4 Kg7 46. Re8 Rxb7 47. Rxe6 Rb4 48. Rg6+ Kh7 49. e6
Rxf4 50. Kxd2 Rh4 51. Rf6 Re4 52. Rg6 f4 53. Kd3 Re1 54. Kd2 Re5 55. Rf6  1/2-1/2

[Event "Polofinale MCR junioru 2024"]
[Site "Hotel Fit Fun, Ryžovište 427, 512 46 Harrachov v Krkonoších"]
[Date "2024.11.12"]
[Round "4"]
[Board "17"]
[White "Skýpala, Ondrej"]
[Black "Martínek, Ondrej"]
[Result "1-0"]
[WhiteElo "2232"]
[BlackElo "1711"]
[PlyCount "0"]
[EventDate "2024.11.09"]
[EventRounds "9"]
[EventCountry "CZE"]

1. c4 e5 2. g3 Nf6 3. Bg2 c6 4. d4 Bb4+ 5. Bd2 Bxd2+ 6. Qxd2 exd4 7. Qxd4 O-O 8.
Nc3 Qa5 9. a3 Na6 10. e4 d5 11. cxd5 cxd5 12. exd5 Re8+ 13. Nge2 Bg4 14. f3 Bf5 15.
b4 Qc7 16. O-O Rad8 17. Rfd1 b6 18. d6 Qd7 19. Nf4 Nc7 20. Bf1 Qc6 21. Rac1 Ne6 22.
Nxe6 Rxe6 23. Nd5 Qxd6 24. Ne7+  1-0